Научное предвидение, Вопросы методологии

Бібліографічні деталі
Автор: Ярская В. Н. Валентина Николаевна
Мова:Російська
Опубліковано: Саратов, Изд-во СГУ, 1980
Предмети:
Формат: MixedMaterials Книга
KOHA link:https://koha.lib.tpu.ru/cgi-bin/koha/opac-detail.pl?biblionumber=364309

MARC

LEADER 00000nam0a2200000 4500
001 364309
005 20231102011657.0
035 |a (RuTPU)RU\TPU\retro\21667 
090 |a 364309 
100 |a 20211112d1980 km y0rusy50 ca 
101 0 |a rus 
102 |a RU 
105 |a y z 001zy 
200 1 |a Научное предвидение, Вопросы методологии  |f В. Н. Ярская 
210 |a Саратов  |c Изд-во СГУ  |d 1980 
215 |a 182 с. 
320 |a Библиография в ссылках 
606 1 |a Научное предвидение  |x Философия  |2 stltpush  |3 (RuTPU)RU\TPU\subj\45133  |9 64395 
610 1 |a методология 
610 1 |a диалектика 
610 1 |a прогностика 
610 1 |a отражение 
610 1 |a типология 
610 1 |a научные открытия 
610 1 |a интегральный подход 
686 |a Ю251.511  |v LBC/SL-A  |2 rubbk 
700 1 |a Ярская  |b В. Н.  |g Валентина Николаевна 
801 1 |a RU  |b 63413507  |c 20211112 
942 |c BK